| 000 | 00379pam a2200157a 44500 | ||
|---|---|---|---|
| 008 | 230515b2011 xxu||||| |||| 00| 0 eng d | ||
| 020 | _aNULL | ||
| 041 | _aENGLISH | ||
| 082 | _aND | ||
| 100 | _a"A SILBERSCHATZ, H F KORTH, S SUDARSHAN" | ||
| 245 | _aDATABASE SYSTEM CONCEPTS | ||
| 250 | _a6 | ||
| 260 |
_a _bMCGRAW- HILL _c2011 |
||
| 300 | _a1349 | ||
| 650 | _aBIOINFORMATICS | ||
| 999 |
_c567579 _d567579 |
||